000
00292nam a22001337a 4500
008
170925b xxu||||| |||| 00| 0 eng d
020
_a
9780312419325
041
_a
eng
080
_2
7TH
_a
37
100
_a
46
101
_a
EDU
245
_a
THE BEDFORD HANDBOOK
_c
HACKER,D
942
_2
udc
_c
BK
999
_c
29642
_d
29642